|
|
|
|
| LEADER |
00831nam a2200265 4500 |
| 001 |
DLU180182905 |
| 005 |
##20180109 |
| 040 |
# |
# |
|a DLU
|b vie
|
| 041 |
# |
# |
|a vie
|
| 044 |
# |
# |
|a vn
|
| 100 |
# |
# |
|a Đặng Anh Đào.
|
| 245 |
# |
# |
|a Sự tiếp biến văn học Pháp ở Việt Nam từ 1945 /
|c Đặng Anh Đào.
|
| 653 |
# |
# |
|a Thơ Mới
|
| 653 |
# |
# |
|a Tiếp biến văn học
|
| 653 |
# |
# |
|a Văn học Pháp ở Việt Nam
|
| 653 |
# |
# |
|a Văn học Pháp thế kỷ XIX
|
| 773 |
# |
# |
|t Tạp chí Lý luận, phê bình văn học, nghệ thuật
|g Số 14, 2013, tr. 25-28
|
| 920 |
# |
# |
|a Phòng Tạp chí --Trung tâm Thông tin - Thư viện Trường Đại học Đà Lạt
|
| 900 |
# |
# |
|a True
|
| 911 |
# |
# |
|a Lê Thị Hồng
|
| 925 |
# |
# |
|a G
|
| 926 |
# |
# |
|a A
|
| 927 |
# |
# |
|a BB
|
| 980 |
# |
# |
|a Thư viện Trường Đại học Đà Lạt
|